Xã hội học chuyên biệt

Uloženo v:
Podrobná bibliografie
Hlavní autor: Thanh Lê
Médium: Kniha
Jazyk:Undetermined
Vydáno: Hà Nội KHXH 2000
Témata:
Tagy: Přidat tag
Žádné tagy, Buďte první, kdo otaguje tento záznam!
Thư viện lưu trữ: Trung tâm Học liệu Trường Đại học Cần Thơ
LEADER 00502nam a2200193Ia 4500
001 CTU_37032
008 210402s9999 xx 000 0 und d
020 |b 38.000đ 
082 |a 303.3 
082 |b Th107 
100 |a Thanh Lê 
245 0 |a Xã hội học chuyên biệt 
245 0 |c Thanh Lê, Tuệ Nhân 
260 |a Hà Nội 
260 |b KHXH 
260 |c 2000 
650 |a sociology 
904 |i Minh, 000617 
980 |a Trung tâm Học liệu Trường Đại học Cần Thơ